00822 2200277 4500001002100000005001500021035002500036007000300061008004100064020002200105040001700127082001400144084001400158245012400172260004500296300004300341650002500384700001800409700001700427700002000444700001100464850001200475041000800487490003100495990001800526INLIS00000000002725120190312102450 a0010-041700000000647ta170427s2015 kiia g ind d a978-602-225-904-6 aYOPDYOGbind04223a658.3 a658.3 PAN1 aPanduan pengoperasian pabrik amoniak Kaltim-3 /cArifin Tasrif...[et.al]; editor, Muhammad Isa, Agung Wicaksono, Suwito aBontang :bPupuk Kalimantan Timur,c2015 axiv, 270 halaman :bilustrasi ;c25 cm 4aPegawai--xManajemen0 aArifin Tasrif0 aMuhammad Isa0 aAgung Wicaksono0 aSuwito aYOPDYOG0 aind aSeri Manajemen Pengetahuan a53908-PD/A.17